Statistics for Romanian Number Vocabulary

Click here to take the quiz!

General Stats

  • This quiz has been taken 567 times
  • The average score is 10 of 11

Answer Stats

EnglishRomân% Correct
zerozero
98%
twodoi
97%
threetrei
97%
oneunu
97%
fourpatru
95%
sevenșapte
95%
eightopt
94%
sixșase
94%
fivecinci
93%
ninenoua
93%
tenzece
93%

Score Distribution

Percentile by Number Answered

Percent of People with Each Score

Your Score History

You have not taken this quiz